00572nam a2200133Ia 4500003000900000008004100009040001600050080001800066110004500084245018700129260006500316300001600381650004100397IN-BaIIA211028s9999 xx 000 0 eng d cIIA Library a083.7:62bASM aAmerican Society of Mechanical Engineers 0a1980 ASME boiler and pressure vessel code section NC division 1 nuclear power plant components subsection NC clas 2 compcThe American Society of Mechanical Engineers  aNew YorkbThe American Society of Mechanical Engineersc1980 axxii, 321p. aAstronomy and Astrophysics Thesaurus